Parlez-vous franglais? / (Record no. 125444)

MARC details
000 -LEADER
campo de control de longitud fija 00690nam a2200229 i 4500
001 - NÚMERO DE CONTROL
campo de control 125444
003 - IDENTIFICADOR DE NÚMERO DE CONTROL
campo de control ES-MaACL
005 - FECHA Y HORA DE LA ÚLTIMA TRANSACCIÓN
campo de control 20230906192629.0
007 - CAMPO FIJO DE DESCRIPCIÓN FÍSICA--INFORMACIÓN GENERAL
campo de control de longitud fija t|
008 - DATOS DE LONGITUD FIJA--INFORMACIÓN GENERAL
campo de control de longitud fija 070612s1964 fr ||||1| fre d
080 ## - NÚMERO DE LA CLASIFICACIÓN DECIMAL UNIVERSAL
Número de la Clasificación Decimal Universal 811.133.1'373.43:111
100 1# - ENTRADA PRINCIPAL--NOMBRE DE PERSONA
Nombre de persona Etiemble, René.
9 (RLIN) 182776
245 10 - MENCIÓN DEL TÍTULO
Título Parlez-vous franglais? /
Mención de responsabilidad, etc. Etiemble.
260 ## - PUBLICACIÓN, DISTRIBUCIÓN, ETC.
Lugar de publicación, distribución, etc. Paris :
Nombre del editor, distribuidor, etc. Gallimard,
Fecha de publicación, distribución, etc. [1964]
300 ## - DESCRIPCIÓN FÍSICA
Extensión 376 p. ;
Dimensiones 17 cm.
490 1# - MENCIÓN DE SERIE
Mención de serie Collection idées ;
Designación de volumen o secuencia 40
500 ## - NOTA GENERAL
Nota general Biblioteca Jacinto Martínez Lacalle.
650 14 - PUNTO DE ACCESO ADICIONAL DE MATERIA--TÉRMINO DE MATERIA
Término de materia o nombre geográfico como elemento de entrada Lengua francesa-
Subdivisión general Extranjerismos-
-- Inglés.
9 (RLIN) 14218
830 0# - PUNTO DE ACCESO ADICIONAL DE SERIE-TÍTULO UNIFORME
Título uniforme Collection idées ;
Designación de volumen o secuencia 40
9 (RLIN) 219038
852 ## - LOCALIZACIÓN
Ubicación ES-MaACL
Número de control de estantería E-11666
Sublocalización o colección R.139681
Holdings
Estatus retirado Estado de pérdida Estado de daño No para préstamo Biblioteca de origen Biblioteca actual Ubicación en estantería Fecha de adquisición Fuente de adquisición Total de préstamos Signatura topográfica completa Código de barras Visto por última vez Precio de reemplazo Tipo de ítem Koha
        Biblioteca del Ateneo de Madrid Biblioteca del Ateneo de Madrid Depósito 2 17/01/2008     E-11666 1130682 23/02/2023 23/02/2023 Libro impreso